Mediamaking : (Record no. 35327)

MARC details
000 -LEADER
fixed length control field 01648cam a2200325 a 4500
001 - CONTROL NUMBER
control field 13923627
005 - DATE AND TIME OF LATEST TRANSACTION
control field 20060815203757.0
008 - FIXED-LENGTH DATA ELEMENTS--GENERAL INFORMATION
fixed length control field 050407s2006 cau b 001 0 eng
010 ## - LIBRARY OF CONGRESS CONTROL NUMBER
LC control number 2005009850
020 ## - INTERNATIONAL STANDARD BOOK NUMBER
International Standard Book Number 0761925449 (pbk.)
040 ## - CATALOGING SOURCE
Original cataloging agency DLC
Transcribing agency DLC
Modifying agency DLC
042 ## - AUTHENTICATION CODE
Authentication code pcc
050 00 - LIBRARY OF CONGRESS CALL NUMBER
Classification number P94.6
Item number .M4265 2006
100 ## - MAIN ENTRY--PERSONAL NAME
Personal name Grossberg, Lawrence
245 00 - TITLE STATEMENT
Title Mediamaking :
Remainder of title mass media in a popular culture /
Statement of responsibility, etc Lawrence Grossberg ... [et al.].
250 ## - EDITION STATEMENT
Edition statement 2nd ed.
260 ## - PUBLICATION, DISTRIBUTION, ETC. (IMPRINT)
Place of publication, distribution, etc Thousand Oaks, Calif. :
Name of publisher, distributor, etc Sage Publications,
Date of publication, distribution, etc c2006.
300 ## - PHYSICAL DESCRIPTION
Extent xxiii, 495 p. ;
Dimensions 24 cm.
Other physical details ill.
504 ## - BIBLIOGRAPHY, ETC. NOTE
Bibliography, etc Includes bibliographical references and index.
650 #0 - SUBJECT ADDED ENTRY--TOPICAL TERM
Topical term or geographic name as entry element Mass media and culture.
650 #0 - SUBJECT ADDED ENTRY--TOPICAL TERM
Topical term or geographic name as entry element Mass media
General subdivision Social aspects.
700 1# - ADDED ENTRY--PERSONAL NAME
Personal name Ellen Wartella, D. Charles Whitney, J. Macgregor Wise
856 41 - ELECTRONIC LOCATION AND ACCESS
Materials specified Table of contents only
Uniform Resource Identifier <a href="http://www.loc.gov/catdir/toc/ecip0510/2005009850.html">http://www.loc.gov/catdir/toc/ecip0510/2005009850.html</a>
856 42 - ELECTRONIC LOCATION AND ACCESS
Materials specified Publisher description
Uniform Resource Identifier <a href="http://www.loc.gov/catdir/enhancements/fy0657/2005009850-d.html">http://www.loc.gov/catdir/enhancements/fy0657/2005009850-d.html</a>
906 ## - LOCAL DATA ELEMENT F, LDF (RLIN)
a 7
b cbc
c orignew
d 1
e ecip
f 20
g y-gencatlg
942 ## - ADDED ENTRY ELEMENTS (KOHA)
Source of classification or shelving scheme Library of Congress Classification
Item type Book
Holdings
Withdrawn status Lost status Source of classification or shelving scheme Damaged status Not for loan Collection code Home library Current library Shelving location Date acquired Source of acquisition Total Checkouts Full call number Barcode Checked out Date last seen Date last borrowed Price effective from Koha item type Total Renewals Copy number
    Library of Congress Classification     Non-fiction Bishop Okullu Memorial Library (Limuru Campus) Bishop Okullu Memorial Library (Limuru Campus) General Circulation 02/10/2009 Purchase 8 P94.6 .M4265 2006 011385 24/02/2012 10/02/2012 10/02/2012 02/10/2009 Book    
    Library of Congress Classification     Non-fiction Nairobi Campus Nairobi Campus General Circulation 02/10/2009 Purchase 29 P94.6 .M4265 2006 011387   28/10/2024 28/10/2024 02/10/2009 Book 3 2